| Tag |
First Indicator |
Second Indicator |
Subfields |
| LEADER |
00000cas a2200000 a 4500 |
| 001 |
in00002120331 |
| 005 |
20151103063007.0 |
| 006 |
m d |
| 007 |
cr mn--------- |
| 008 |
060331c198u9999miubr pss 0 a0eng c |
| 010 |
|
|
|a 2005267579
|
| 022 |
0 |
|
|y 0747-735X
|
| 035 |
|
|
|a (OCoLC)ocm65404009
|
| 040 |
|
|
|a EEM
|c EEM
|d EEM
|d TXA
|d UtOrBLW
|
| 042 |
|
|
|a lcd
|
| 043 |
|
|
|a n-us-mi
|
| 049 |
|
|
|a TXAM
|
| 050 |
1 |
4 |
|a TD171.3.M5
|b M53 Electronic
|
| 130 |
0 |
|
|a Michigan environmental report (Online)
|
| 245 |
1 |
0 |
|a Michigan environmental report.
|
| 246 |
3 |
|
|a MEC report
|
| 264 |
|
1 |
|a [Lansing, Mich.] :
|b Michigan Environmental Council.
|
| 310 |
|
|
|a Bimonthly,
|b <2004->
|
| 336 |
|
|
|a text
|b txt
|2 rdacontent
|
| 337 |
|
|
|a computer
|b c
|2 rdamedia
|
| 338 |
|
|
|a online resource
|b cr
|2 rdacarrier
|
| 500 |
|
|
|a Description based on: Volume 22, number 4 (Aug. 2004); title from HTML caption (publisher's Web site, viewed Mar. 31, 2006).
|
| 500 |
|
|
|a Latest issue consulted: Volume Vol. 24, number 1 (Feb. 2006) (publisher's Web site, viewed Mar. 31, 2006).
|
| 538 |
|
|
|a Mode of access: World Wide Web.
|
| 550 |
|
|
|a Official publication of the Michigan Environmental Council.
|
| 500 |
|
|
|a Electronic resource.
|
| 650 |
|
0 |
|a Environmental protection
|z Michigan
|v Periodicals.
|
| 655 |
|
0 |
|a Electronic journals.
|
| 710 |
2 |
|
|a Michigan Environmental Council.
|
| 776 |
0 |
8 |
|i Print version:
|t Michigan environmental report
|x 0747-735X
|w (DLC)sn 84005447
|w (OCoLC)10790652
|
| 948 |
|
|
|a cataloged
|b h
|c 2006/4/21
|d c
|e pbump
|
| 994 |
|
|
|a C0
|b TXA
|
| 999 |
|
|
|a MARS
|
| 999 |
f |
f |
|s 62206b76-76cf-3df7-907c-20acccf41c60
|i 7cb5edf0-7327-3941-a28f-b7a9263b47a4
|t 0
|
| 952 |
f |
f |
|a Texas A&M University
|b College Station
|c Electronic Resources
|d Available Online
|t 0
|e TD171.3.M5 M53
|g Electronic
|h Library of Congress classification
|
| 998 |
f |
f |
|a TD171.3.M5 M53
|t 0
|l Available Online
|